AC Milan or Inter Milan players (2000-) - Statistics

General Stats
  • This quiz has been taken 34 times
  • The average score is 199 of 554
Answer Stats
Ranking Player Positions Nationality Matches Goals (assists) Periods Clubs % Correct
77 Cristiano Zanetti DM 132 3 (8) 2001-2006
93%
1 Javier Zanetti RB 571 5 (19) 2000-2014
93%
354 Ibrahim Bá RM 14 0 (1) 2000-2003
89%
3 Samir Handanovič GK 429 0 (0) 2012-2023
89%
32 Alessandro Bastoni CB 231 5 (23) 2019-2025
86%
12 Alessandro Nesta CB 302 7 (2) 2002-2012
86%
7 Andrea Pirlo DM 379 40 (66) 2000-2011
86%
24 Andriy Shevchenko ST 260 135 (37) 2000-2005, 2008-2009
86%
62 Cafu RB 152 4 (21) 2003-2008
86%
313 Daniel Maldini AM 20 1 (0) 2019-2022
86%
17 Dida GK 286 0 (1) 2000-2001, 2002-2010
86%
11 Lautaro Martínez ST 303 139 (46) 2018-2025
86%
13 Paolo Maldini LB 296 8 (7) 2000-2009
86%
28 Rafael Leão LW 241 65 (58) 2019-2025
86%
245 Ronaldo ST 35 16 (7) 2001-2002, 2006-2008
86%
23 Zlatan Ibrahimović ST 260 148 (60) 2006-2008, 2010-2011, 2019-2023
86%
544 Antonio Donnarumma GK 1 0 (0) 2017-2018
82%
2 Clarence Seedorf CM 455 63 (71) 2000-2012
82%
60 Diego Milito ST 153 71 (25) 2009-2014
82%
49 Federico Dimarco LB 169 16 (31) 2014-2015, 2019-2020, 2021-2025
82%
4 Gennaro Gattuso CM 401 10 (16) 2000-2012
82%
33 Gianluigi Donnarumma GK 231 0 (0) 2015-2021
82%
9 Hakan Çalhanoğlu DM 318 60 (76) 2017-2025
82%
72 Hernán Crespo ST 141 54 (16) 2002-2003, 2004-2005, 2006-2009
82%
31 Ivan Perišić LW 237 51 (44) 2015-2018, 2020-2022
82%
414 Josep Martínez GK 6 0 (0) 2024-2025
82%
19 Júlio César GK 280 0 (0) 2005-2012
82%
436 Júlio César CB 4 0 (0) 2000-2001
82%
14 Kaká AM 289 102 (75) 2003-2008, 2013-2014
82%
22 Nicolò Barella CM 260 23 (51) 2019-2025
82%
26 Stefan de Vrij CB 254 13 (6) 2018-2025
82%
30 Theo Hernández LB 240 32 (36) 2019-2025
82%
20 Filippo Inzaghi ST 270 109 (21) 2001-2012
79%
89 Romelu Lukaku ST 121 73 (22) 2019-2020, 2022-2023
79%
243 André Silva ST 35 8 (0) 2017-2018, 2019-2020
75%
163 Arturo Vidal CM 62 3 (5) 2020-2022
75%
278 César LM 27 2 (2) 2005-2006, 2007-2008
75%
122 Christian Pulisic RW 91 30 (22) 2023-2025
75%
55 Denzel Dumfries RB 163 20 (25) 2021-2025
75%
127 Edin Džeko ST 89 29 (13) 2021-2023
75%
53 Fikayo Tomori CB 164 7 (3) 2020-2025
75%
93 Francesco Acerbi CB 118 4 (5) 2012-2013, 2022-2025
75%
5 Iván Córdoba CB 388 16 (9) 2000-2012
75%
35 Maicon RB 221 19 (47) 2006-2012
75%
10 Marcelo Brozović DM 305 27 (39) 2014-2023
75%
70 Mario Balotelli ST 144 51 (21) 2007-2009, 2012-2013, 2015-2016
75%
61 Mike Maignan GK 152 0 (3) 2021-2025
75%
34 Milan Škriniar CB 228 11 (4) 2017-2023
75%
50 Rui Costa AM 169 7 (33) 2001-2006
75%
58 Adriano ST 154 62 (24) 2001-2002, 2003-2009
71%
82 Alexis Sánchez ST 127 21 (26) 2019-2021, 2023-2024
71%
41 Franck Kessié CM 199 36 (15) 2017-2022
71%
76 Henrikh Mkhitaryan CM 132 8 (17) 2022-2025
71%
86 Lúcio CB 123 4 (9) 2009-2012
71%
84 Luís Figo RW 126 10 (27) 2005-2009
71%
252 Luiz Adriano ST 33 4 (4) 2015-2017
71%
39 Mauro Icardi ST 207 118 (28) 2013-2019
71%
75 Robinho LW 132 29 (27) 2010-2014
71%
119 Ronaldinho LW 94 26 (29) 2008-2011
71%
124 Samuel Eto'o ST 90 43 (21) 2009-2011
71%
100 Thiago Silva CB 113 6 (1) 2009-2012
71%
66 Alexandre Pato ST 145 60 (17) 2007-2013
68%
16 Christian Abbiati GK 287 0 (0) 2000-2004, 2008-2016
68%
15 Dejan Stanković CM 287 37 (48) 2003-2013
68%
6 Esteban Cambiasso DM 386 47 (29) 2004-2014
68%
106 Gianluca Zambrotta RB 104 2 (3) 2008-2012
68%
128 Marcus Thuram ST 89 32 (22) 2023-2025
68%
8 Massimo Ambrosini CM 355 28 (27) 2000-2013
68%
38 Walter Samuel CB 211 17 (3) 2005-2014
68%
109 Wesley Sneijder AM 101 19 (29) 2009-2013
68%
98 Ante Rebić LW 114 28 (16) 2019-2023
64%
99 Brahim Díaz RW 114 18 (15) 2020-2023
64%
146 Carlos Bacca ST 70 31 (6) 2015-2017
64%
48 Christian Vieri ST 170 103 (18) 2000-2006
64%
64 Cristian Chivu CB 146 3 (8) 2007-2013
64%
78 Cristian Zapata CB 131 5 (5) 2012-2019
64%
530 Flavio Roma GK 1 0 (0) 2010-2011
64%
137 Keisuke Honda AM 81 9 (11) 2013-2017
64%
205 Leonardo Bonucci CB 45 2 (1) 2005-2006, 2017-2018
64%
125 Mateo Kovacic CM 90 5 (11) 2012-2015
64%
133 Ricardo Rodríguez LB 84 3 (5) 2017-2020
64%
156 Ruben Loftus-Cheek CM 64 10 (2) 2023-2025
64%
102 Simon Kjaer CB 111 1 (3) 2019-2024
64%
73 Suso RW 137 23 (30) 2014-2020
64%
129 Yann Sommer GK 88 0 (0) 2023-2025
64%
36 Alessio Romagnoli CB 220 8 (2) 2015-2022
61%
68 Antonio Candreva AM, RW 144 14 (30) 2016-2020
61%
27 Davide Calabria RB 246 9 (21) 2014-2025
61%
238 Diego López GK 36 0 (0) 2014-2016
61%
147 Fabio Cannavaro CB 70 3 (2) 2002-2004
61%
42 Francesco Toldo GK 198 0 (1) 2001-2009
61%
311 Gonzalo Higuaín ST 20 8 (3) 2018-2019
61%
171 Goran Pandev CF 59 6 (12) 2009-2011
61%
18 Ignazio Abate RB 281 3 (18) 2003-2004, 2009-2019
61%
52 Ismaël Bennacer DM 165 8 (10) 2019-2025
61%
123 Nigel de Jong DM 91 6 (3) 2012-2016
61%
85 Olivier Giroud ST 125 46 (20) 2021-2024
61%
236 Piotr Zieliński CM 36 2 (3) 2024-2025
61%
57 Rodrigo Palacio ST 156 50 (30) 2012-2017
61%
118 Tijjani Reijnders CM 95 17 (9) 2023-2025
61%
43 Yuto Nagatomo LB 190 10 (16) 2010-2018
61%
214 Achraf Hakimi RB 42 7 (11) 2020-2021
57%
80 Alexis Saelemaekers RW 130 8 (13) 2019-2022, 2024-2025
57%
249 Diego Godín CB 34 2 (1) 2019-2020
57%
25 Kakhaber Kaladze CB 255 12 (18) 2000-2010
57%
104 Kevin-Prince Boateng AM 106 15 (15) 2010-2012, 2015-2016
57%
187 Kwadwo Asamoah LM 52 0 (3) 2018-2020
57%
486 Lisandro López CB 1 0 (0) 2017-2018
57%
210 Luka Jović ST 43 9 (2) 2023-2025
57%
45 Matteo Darmian RB 185 12 (11) 2006-2007, 2008-2009, 2020-2025
57%
390 Maxi López ST 9 1 (2) 2011-2012
57%
304 Michael Essien DM 22 0 (0) 2013-2015
57%
139 Patrick Vieira DM 79 7 (9) 2006-2010
57%
88 Sandro Tonali CM 121 7 (13) 2020-2023
57%
367 Sergiño Dest RB 12 0 (0) 2022-2023
57%
54 Sulley Muntari CM 163 20 (12) 2008-2015
57%
174 Yann Bisseck CB 59 5 (4) 2023-2025
57%
59 Alessandro Costacurta CB 153 1 (3) 2000-2007
54%
95 Andrea Poli CM 117 3 (6) 2011-2012, 2013-2017
54%
40 Andrea Ranocchia CB 200 10 (4) 2010-2022
54%
228 André Onana GK 37 0 (0) 2022-2023
54%
130 Carlos Augusto LB 86 3 (9) 2023-2025
54%
21 Danilo D'Ambrosio CB 267 20 (19) 2013-2023
54%
251 David Beckham CM 33 2 (9) 2008-2010
54%
110 Gary Medel CB 101 1 (4) 2014-2017
54%
190 Geoffrey Kondogbia DM 50 2 (3) 2015-2017
54%
196 José Mari ST 49 9 (6) 2000-2002
54%
237 Krzysztof Piatek ST 36 13 (1) 2018-2020
54%
136 Malick Thiaw CB 81 1 (2) 2022-2025
54%
29 Marco Materazzi CB 241 20 (5) 2001-2011
54%
173 Marko Arnautovic ST 59 12 (5) 2009-2010, 2023-2025
54%
225 Mehdi Taremi ST 38 2 (7) 2024-2025
54%
94 Miranda CB 117 1 (2) 2015-2019
54%
96 Obafemi Martins ST 117 39 (12) 2002-2006
54%
107 Philippe Mexès CB 103 7 (1) 2011-2016
54%
79 Rade Krunic DM 130 3 (6) 2019-2024
54%
395 Samuele Dalla Bona CM 9 0 (1) 2002-2003
54%
120 Stephan El Shaarawy LW 94 23 (12) 2011-2015
54%
229 Tammy Abraham ST 37 5 (6) 2024-2025
54%
368 Aleksandar Kolarov LB 12 0 (1) 2020-2022
50%
298 Álvaro Morata ST 23 6 (2) 2024-2025
50%
145 Antonio Cassano CF 72 16 (30) 2010-2013
50%
182 Ashley Young RB 54 5 (9) 2019-2021
50%
402 Bakaye Traoré CM 8 0 (0) 2012-2013
50%
460 Chaka Traorè LW 3 1 (0) 2023-2024
50%
184 Christian Eriksen CM 53 6 (3) 2019-2021
50%
138 Davide Frattesi CM 80 14 (9) 2023-2025
50%
267 Diego Laxalt LB 29 0 (0) 2018-2020
50%
241 Divock Origi ST 35 2 (1) 2022-2023
50%
248 Emerson DM 35 0 (0) 2007-2009
50%
387 Fernando Torres ST 10 1 (0) 2014-2015
50%
81 Fredy Guarín CM 130 19 (32) 2011-2016
50%
56 Giacomo Bonaventura AM 163 30 (29) 2014-2020
50%
316 Gustavo Gómez CB 19 0 (0) 2016-2018
50%
131 Joaquín Correa CF 85 12 (6) 2021-2022, 2024-2025
50%
176 Juraj Kucka CM 59 4 (5) 2015-2017
50%
152 Lucas Biglia DM 65 2 (2) 2017-2020
50%
181 Manuel Locatelli DM 55 2 (0) 2015-2018
50%
69 Marek Jankulovski LB 144 5 (10) 2005-2011
50%
113 Matteo Gabbia CB 99 6 (1) 2019-2025
50%
277 Nemanja Vidic‎ CB 27 1 (0) 2014-2015
50%
185 Noah Okafor LW 52 7 (4) 2023-2025
50%
381 Pepe Reina GK 11 0 (0) 2018-2020
50%
105 Pierre Kalulu CB 105 3 (3) 2020-2024
50%
71 Riccardo Montolivo DM 143 8 (11) 2012-2018
50%
112 Samu Castillejo RW 100 9 (12) 2018-2022
50%
344 Santiago Gimenez ST 16 6 (2) 2024-2025
50%
261 Stevan Jovetić CF 31 6 (3) 2015-2017
50%
206 Youssouf Fofana DM 45 1 (8) 2024-2025
50%
290 Álex Jiménez RB 25 0 (1) 2023-2025
46%
159 Benjamin Pavard CB 63 1 (3) 2023-2025
46%
114 Borja Valero CM 97 4 (0) 2017-2020
46%
253 Ciprian Tătărușanu GK 33 0 (1) 2020-2023
46%
310 Diego Forlán ST 20 2 (3) 2011-2012
46%
259 Diogo Dalot RB 31 2 (3) 2020-2021
46%
202 Gabriel Paletta CB 45 2 (2) 2014-2015, 2016-2018
46%
172 Jaap Stam CB 59 2 (2) 2004-2006
46%
151 Jeison Murillo CB 66 2 (2) 2015-2017
46%
155 João Mário LW 64 4 (11) 2016-2019
46%
374 Juan Cuadrado RM 12 0 (2) 2023-2024
46%
51 Julio Cruz ST 168 62 (20) 2003-2009
46%
132 Kristjan Asllani DM 84 3 (4) 2022-2025
46%
292 Luis Jiménez AM 24 4 (4) 2007-2009
46%
380 Mario Mandžukić ST 11 0 (0) 2020-2021
46%
87 Matías Vecino CM 121 13 (7) 2017-2022
46%
92 Mattia De Sciglio RB 119 0 (5) 2011-2017
46%
149 M'Baye Niang ST 69 8 (8) 2012-2017
46%
222 Radja Nainggolan CM 40 7 (3) 2018-2019, 2020-2021
46%
359 Sebastiano Esposito CF 13 1 (0) 2018-2020
46%
340 Sebastiano Rossi GK 16 0 (0) 2000-2002
46%
327 Xherdan Shaqiri AM 18 2 (2) 2014-2015
46%
90 Alberto Gilardino ST 120 40 (15) 2005-2008
43%
143 Alessandro Florenzi RB 74 3 (7) 2021-2025
43%
46 Álvaro Recoba CF 181 50 (46) 2000-2007
43%
134 Éder ST 82 14 (7) 2015-2018
43%
272 Fabio Grosso LB 29 2 (1) 2006-2007
43%
160 Joel Obi CM 63 2 (1) 2010-2012, 2014-2015
43%
157 Juan Sebastián Verón CM 64 3 (10) 2004-2006
43%
111 Luca Antonini LB 101 1 (6) 2008-2013
43%
331 Lukas Podolski ST 17 1 (3) 2014-2015
43%
150 Mateo Musacchio CB 69 2 (2) 2017-2021
43%
358 Matías Fernández AM 13 1 (2) 2016-2017
43%
360 Nicola Zalewski LM 13 1 (1) 2024-2025
43%
140 Patrick Cutrone ST 77 21 (8) 2016-2019
43%
47 Roberto Gagliardini CM 179 16 (9) 2016-2023
43%
193 Robin Gosens LB 50 4 (1) 2021-2023
43%
153 Samuel Chukwueze RW 65 6 (6) 2023-2025
43%
191 Stefano Sensi CM 50 3 (5) 2019-2021, 2023-2024
43%
262 Strahinja Pavlović CB 31 2 (2) 2024-2025
43%
142 Yunus Musah CM 75 0 (4) 2023-2025
43%
219 Adil Rami CB 41 4 (2) 2013-2015
39%
200 Alex CB 46 4 (1) 2014-2016
39%
208 Andrea Conti RB 43 0 (4) 2017-2022
39%
451 Antonio Mirante GK 3 0 (0) 2022-2024
39%
126 Antonio Nocerino CM 89 13 (6) 2011-2013, 2015-2016
39%
468 Asmir Begovic GK 2 0 (0) 2019-2020
39%
396 Aster Vranckx CM 9 0 (1) 2022-2023
39%
514 Axel Bakayoko RW 1 0 (0) 2016-2017
39%
453 Catilina Aubameyang LM 3 0 (0) 2001-2003
39%
226 Charles De Ketelaere AM 38 0 (1) 2022-2023
39%
44 Daniele Bonera CB 187 0 (2) 2006-2015
39%
65 Dario Simic CB 145 2 (1) 2000-2008
39%
108 Davide Santon LB 102 0 (6) 2008-2010, 2014-2018
39%
141 Francesco Coco LB 76 4 (4) 2000-2005
39%
389 Gabriel Barbosa ST 9 1 (0) 2016-2017
39%
276 Gianluca Lapadula ST 27 8 (3) 2016-2017
39%
444 Jan-Carlo Simić CB 4 1 (0) 2023-2024
39%
299 Jens Petter Hauge LW 23 5 (1) 2020-2021
39%
209 Jérémy Ménez ST 43 18 (4) 2014-2016
39%
279 João Cancelo RB 26 1 (4) 2017-2018
39%
115 Jon Dahl Tomasson ST 97 26 (6) 2002-2005
39%
164 Junior Messias RW 62 12 (4) 2021-2023
39%
268 Keita Baldé LW 29 5 (2) 2018-2019
39%
273 Klaas-Jan Huntelaar ST 28 7 (0) 2009-2010
39%
242 Marco Amelia GK 35 0 (0) 2010-2014
39%
212 Mario Yepes CB 43 1 (0) 2010-2013
39%
203 Mark van Bommel CM 45 0 (1) 2010-2012
39%
144 Massimo Oddo RB 73 2 (5) 2006-2007, 2009-2011
39%
167 Matteo Politano RW 61 6 (6) 2018-2020
39%
465 Mattia Caldara CB 2 0 (0) 2018-2019, 2023-2024
39%
230 Nikola Kalinić ST 37 6 (6) 2017-2018
39%
218 Philippe Coutinho AM 42 4 (3) 2010-2013
39%
256 Ricardo Quaresma RW 32 1 (2) 2008-2010
39%
246 Rivaldo AM 35 7 (3) 2002-2004
39%
500 Stefan Simic CB 1 0 (0) 2018-2019
39%
177 Tiemoué Bakayoko DM 57 1 (1) 2018-2019, 2021-2023
39%
337 Victor Moses RW 17 0 (5) 2019-2020
39%
192 Zdravko Kuzmanovic CM 50 1 (4) 2012-2015
39%
341 Adel Taarabt CM 16 4 (2) 2013-2014
36%
266 Alessio Cerci RW 29 1 (6) 2014-2016
36%
201 Andrea Bertolacci CM 46 2 (2) 2015-2016, 2018-2019
36%
373 Davide Bartesaghi LB 12 0 (0) 2023-2025
36%
264 David Pizarro CM 30 2 (2) 2005-2006
36%
244 David Suazo ST 35 8 (2) 2007-2008, 2009-2010
36%
294 Emerson Royal RB 24 0 (0) 2024-2025
36%
103 Emre Belözoğlu CM 108 4 (11) 2001-2005
36%
254 Éver Banega CM 32 6 (7) 2016-2017
36%
239 Felipe Melo DM 36 1 (1) 2015-2017
36%
280 Fodé Ballo-Touré LB 26 1 (0) 2021-2023
36%
198 Giuseppe Pancaro RB 47 2 (7) 2003-2005
36%
195 Hernanes AM 49 7 (10) 2013-2016
36%
324 José Sosa AM 18 0 (3) 2016-2017
36%
83 Juan Jesus CB 126 1 (1) 2011-2016
36%
318 Juan Pablo Carrizo GK 19 0 (0) 2012-2017
36%
362 Kyle Walker RB 13 0 (0) 2024-2025
36%
179 Luca Antonelli LB 57 4 (3) 2006-2007, 2014-2018
36%
161 Marco Borriello ST 63 18 (11) 2002-2003, 2006-2007, 2008-2011
36%
356 Marco Storari GK 13 0 (0) 2006-2007, 2009-2010, 2017-2018
36%
97 Mathieu Flamini DM 116 7 (6) 2008-2013
36%
121 Maxwell LB 92 2 (5) 2006-2009
36%
233 Oliver Bierhoff ST 37 8 (7) 2000-2001
36%
412 Pietro Pellegri ST 6 0 (0) 2021-2022
36%
347 Tajon Buchanan RM, RW 16 1 (0) 2023-2025
36%
148 Thiago Motta DM 70 12 (7) 2009-2012
36%
213 Tommaso Pobega CM 42 3 (0) 2022-2024
36%
317 Valter Birsa AM 19 2 (1) 2013-2014
36%
247 Walter Gargano DM 35 0 (2) 2012-2013
36%
319 Alessandro Matri ST 19 1 (0) 2002-2003, 2013-2014
32%
215 Álvaro Pereira LB 42 1 (5) 2012-2014
32%
282 Dodô LB 25 1 (3) 2014-2015
32%
326 Edgar Davids CM 18 0 (1) 2004-2005
32%
158 Fabio Borini LW 64 7 (6) 2017-2020
32%
454 Felipe Caicedo ST 3 0 (0) 2021-2022
32%
410 Gabriel GK 7 0 (0) 2013-2014
32%
329 Gerard Deulofeu ST 17 4 (3) 2016-2017
32%
74 Giampaolo Pazzini ST 137 40 (8) 2010-2015
32%
437 Ionuț Radu GK 4 0 (0) 2015-2016, 2020-2022
32%
180 Jonathan RB 57 3 (8) 2011-2015
32%
211 Jonathan Biabiany RW 43 1 (6) 2010-2011, 2015-2017
32%
178 Kévin Constant LB 57 0 (3) 2012-2014
32%
221 Laurent Blanc CB 40 3 (0) 2000-2001
32%
443 Luka Romero RW 4 0 (0) 2023-2024
32%
330 Marco van Ginkel CM 17 1 (3) 2014-2015
32%
291 Mario Pasalić CM 24 5 (1) 2016-2017
32%
101 Nicolás Burdisso CB 111 4 (3) 2004-2009
32%
135 Ricardo Álvarez CM 82 13 (17) 2011-2014
32%
392 Robbie Keane ST 9 1 (2) 2000-2001
32%
270 Rolando CB 29 4 (0) 2013-2014
32%
170 Roque Júnior CB 61 0 (1) 2000-2003
32%
240 Sébastien Frey GK 36 0 (0) 2000-2001
32%
416 Simone Pasa DM 6 0 (0) 2012-2013
32%
427 Sokratis Papastathopoulos CB 5 0 (0) 2010-2011
32%
401 Taye Taiwo LB 8 0 (0) 2011-2012
32%
479 Tomás Palacios CB 2 0 (0) 2024-2025
32%
117 Urby Emanuelson CM 95 4 (11) 2010-2014
32%
302 Zvonimir Boban AM 23 2 (2) 2000-2001
32%
289 Adem Ljajic AM 25 3 (3) 2015-2016
29%
306 Alex Telles LB 21 0 (1) 2015-2016
29%
399 Cédric Soares RB 8 0 (2) 2018-2019
29%
335 Daniel Osvaldo ST 17 6 (4) 2014-2015
29%
332 Davy Klaassen CM 17 0 (0) 2023-2024
29%
339 Francesco Camarda ST 16 0 (0) 2023-2025
29%
274 Georgios Karagounis CM 28 0 (3) 2003-2005
29%
63 Giuseppe Favalli LB 149 2 (7) 2004-2010
29%
398 Ishak Belfodil ST 8 0 (1) 2013-2014
29%
430 Iván Zamorano ST 4 1 (0) 2000-2001
29%
336 João Félix CF 17 2 (1) 2024-2025
29%
391 Léo Duarte CB 9 0 (0) 2019-2021
29%
271 Luca Castellazzi GK 29 0 (0) 2010-2013
29%
91 Luigi Di Biagio DM 119 14 (6) 2000-2003
29%
338 Luigi Sala CB 17 1 (0) 2000-2001
29%
220 Mancini LW 40 1 (5) 2008-2011
29%
353 Mattia Destro ST 15 3 (0) 2014-2015
29%
281 McDonald Mariga DM 26 0 (0) 2009-2010, 2012-2013
29%
328 Rafinha AM 17 2 (3) 2017-2018
29%
438 Rey Manaj ST 4 0 (0) 2015-2016
29%
255 Ricardo Oliveira ST 32 3 (1) 2006-2007
29%
283 Saphir Taïder CM 25 1 (2) 2013-2014
29%
37 Serginho LB 218 19 (41) 2000-2008
29%
308 Soualiho Meïté DM 20 0 (0) 2020-2021
29%
361 Tommaso Rocchi ST 13 3 (0) 2012-2013
29%
382 Valentino Lazaro RM 10 0 (2) 2019-2020
29%
448 Wallace Oliveira RB 3 0 (0) 2013-2014
29%
231 Yacine Adli DM 37 1 (2) 2022-2024
29%
397 Alexander Merkel CM 9 0 (0) 2010-2012
25%
357 Andrea Pinamonti ST 13 1 (0) 2016-2017, 2020-2021
25%
175 Andrés Guglielminpietro LM 59 2 (5) 2000-2003
25%
284 Bojan Krkic CF 25 3 (2) 2012-2013
25%
295 Cristian Ansaldi LB 24 0 (2) 2016-2017
25%
67 Cristian Brocchi CM 145 5 (12) 2000-2004, 2006-2008
25%
216 Daniele Adani CB 42 4 (0) 2002-2004
25%
411 Daniele Padelli GK 6 0 (0) 2019-2021
25%
364 Djamel Mesbah LB 12 0 (0) 2011-2013
25%
426 Emil Audero GK 5 0 (0) 2023-2024
25%
314 Filippo Terracciano RB 20 0 (0) 2023-2025
25%
370 Gabriel Batistuta ST 12 2 (1) 2002-2003
25%
349 Gianni Comandini ST 15 2 (2) 2000-2001
25%
258 Hakan Şükür ST 31 6 (2) 2000-2001
25%
325 Houssine Kharja CM 18 1 (5) 2010-2011
25%
227 Hugo Campagnaro CB 37 0 (2) 2013-2015
25%
154 Javier Farinós DM 65 2 (4) 2000-2004
25%
301 Javi Moreno ST 23 5 (2) 2001-2002
25%
350 José Mauri CM 15 0 (1) 2015-2016, 2017-2019
25%
275 Leonardo AM 27 4 (1) 2000-2001, 2002-2003
25%
352 Leonel Vangioni LB 15 0 (0) 2016-2017
25%
365 Lucas Ocampos LW 12 0 (2) 2016-2017
25%
232 Lucas Paquetá AM 37 1 (2) 2018-2020
25%
366 Marco Simone CF 12 0 (0) 2001-2002
25%
459 Martín Montoya RB 3 0 (0) 2015-2016
25%
323 Matías Silvestre CB 18 1 (0) 2012-2014
25%
287 Nicola Ventola ST 25 9 (2) 2001-2002
25%
405 Rodney Strasser DM 8 1 (0) 2008-2012
25%
188 Santiago Solari LM 52 4 (2) 2005-2008
25%
372 Sime Vrsaljko RB 12 0 (2) 2018-2019
25%
257 Siniša Mihajlović CB 32 5 (9) 2004-2006
25%
116 Thomas Helveg RB 96 1 (3) 2000-2004
25%
194 Vratislav Gresko LB 50 1 (6) 2000-2002
25%
197 Yoann Gourcuff AM 47 3 (6) 2006-2008
25%
199 Zeljko Kalac GK 47 0 (0) 2005-2009
25%
265 Alberto Aquilani CM 30 1 (7) 2011-2012
21%
345 Alberto Fontana GK 16 0 (0) 2001-2005
21%
204 Andy van der Meyde RW 45 3 (7) 2003-2005
21%
466 Corrado Colombo ST 2 1 (0) 2000-2001
21%
224 Cosmin Contra RB 39 4 (5) 2001-2002
21%
235 Cristiano Biraghi LB 36 3 (6) 2010-2011, 2019-2020
21%
293 Dalbert LB 24 0 (1) 2017-2019
21%
528 Davide Di Gennaro AM 1 0 (0) 2006-2007
21%
183 Demetrio Albertini DM 53 2 (10) 2000-2002
21%
355 Gaby Mudingayi DM 13 0 (0) 2012-2014
21%
165 Kily González LM 62 0 (7) 2003-2006
21%
403 Lorenzo Colombo ST 8 0 (0) 2019-2021
21%
549 Lorenzo Torriani GK 1 0 (0) 2024-2025
21%
407 Maniche CM 8 1 (0) 2007-2008
21%
260 Marco Andreolli CB 31 2 (0) 2004-2006, 2013-2014, 2016-2017
21%
378 Marco Sportiello GK 11 0 (0) 2023-2025
21%
333 Mariano González RW 17 0 (1) 2006-2007
21%
168 Martin Laursen CB 61 2 (0) 2001-2004
21%
269 Mauro Zárate ST 29 3 (3) 2011-2012
21%
169 Mohamed Kallon ST 61 20 (8) 2001-2004
21%
404 Pablo Armero LM 8 0 (1) 2014-2015
21%
417 Pablo García DM 6 0 (0) 2000-2001
21%
424 Paolo Orlandoni GK 5 0 (0) 2005-2006, 2007-2008, 2010-2011
21%
320 Philippe Senderos CB 19 0 (1) 2008-2009
21%
537 Raffaele Di Gennaro GK 1 0 (0) 2023-2024
21%
307 Raoul Bellanova RM 21 0 (1) 2022-2023
21%
413 Riccardo Sottil LW 6 0 (0) 2024-2025
21%
166 Sérgio Conceição RW 62 1 (10) 2001-2003
21%
418 Valentín Carboni AM 6 0 (0) 2022-2023
21%
334 Yann Karamoh LW 17 1 (0) 2017-2019
21%
234 Zé Maria RB 37 1 (6) 2004-2006
21%
409 Alberto Paloschi ST 7 2 (0) 2007-2008
18%
351 Assane Demoya Gnoukouri CM 15 0 (0) 2014-2017
18%
315 Benoît Cauet CM 19 0 (2) 2000-2002
18%
432 Bryan Cristante DM 4 1 (1) 2011-2012, 2013-2014
18%
346 Cristian Zaccardo CB 16 1 (1) 2012-2015
18%
363 Ezequiel Schelotto RM 12 1 (0) 2012-2013
18%
473 Fabricio Coloccini CB 2 0 (0) 2004-2005
18%
305 Fernando Redondo DM 22 0 (3) 2002-2004
18%
376 Grigoris Georgatos LB 12 1 (1) 2001-2002
18%
321 Johann Vogel DM 19 0 (1) 2005-2006
18%
445 Kevin Zeroli CM 4 0 (0) 2023-2025
18%
439 Lucien Agoumé DM 4 0 (0) 2019-2020, 2023-2024
18%
375 Marko Livaja ST 12 4 (0) 2012-2013
18%
441 Martín Satriano ST 4 0 (0) 2021-2022
18%
217 Matías Almeyda DM 42 1 (1) 2002-2004
18%
223 Okan Buruk RM 39 2 (4) 2001-2004
18%
207 Olivier Dacourt DM 44 0 (1) 2006-2009
18%
388 Rubén Botta AM 10 0 (0) 2013-2014
18%
162 Stéphane Dalmat CM 63 4 (6) 2000-2003
18%
491 Trent Sainsbury CB 1 0 (0) 2016-2017
18%
384 Ümit Davala RM 10 0 (0) 2001-2002
18%
435 Vampeta CM 4 0 (0) 2000-2001
18%
393 Victor Obinna CF 9 1 (1) 2008-2009
18%
343 Vikash Dhorasoo CM 16 0 (1) 2004-2005
18%
371 Yann M'Vila DM 12 0 (0) 2014-2015
18%
452 Alen Halilovic AM 3 0 (0) 2018-2019
14%
498 Alex Cordaz GK 1 0 (0) 2022-2023
14%
286 Domenico Morfeo AM 25 2 (2) 2002-2003
14%
421 Fabián Carini GK 5 0 (0) 2004-2005
14%
263 Federico Giunti DM 31 1 (7) 2000-2001
14%
431 Felipe CB 4 0 (0) 2014-2015
14%
369 Jérémie Bréchet CB 12 0 (0) 2003-2004
14%
189 José Chamot CB 51 0 (0) 2000-2003
14%
541 Lapo Nava GK 1 0 (0) 2023-2024
14%
419 Luc Castaignos ST 6 1 (0) 2011-2012
14%
429 Márcio Amoroso ST 4 1 (0) 2005-2006
14%
540 Marco Pellegrino CB 1 0 (0) 2023-2024
14%
538 Mathías Cardacio CM 1 0 (0) 2008-2009
14%
312 Nelson Rivas CB 20 0 (0) 2007-2009
14%
303 Nelson Vivas RB 22 0 (0) 2001-2003
14%
470 Nicola Legrottaglie CB 2 0 (0) 2010-2011
14%
342 Pelé CM 16 0 (0) 2007-2008
14%
309 Pierre Womé LB 20 0 (0) 2005-2006
14%
300 Sabri Lamouchi CM 23 0 (1) 2003-2004
14%
394 Salvatore Bocchetti CB 9 0 (0) 2014-2015
14%
425 Senna Miangue CB 5 0 (0) 2016-2017
14%
533 Valerio Fiori GK 1 0 (0) 2002-2003
14%
442 Warren Bondo CM 4 0 (0) 2024-2025
14%
458 Angelo Palombo DM 3 0 (0) 2011-2012
11%
250 Carlos Gamarra CB 34 0 (1) 2002-2005
11%
348 Davide Faraoni RB 16 1 (0) 2011-2012
11%
423 George Pușcaș ST 5 0 (0) 2014-2015
11%
186 Giovanni Pasquale LM 52 0 (0) 2002-2005
11%
377 Gonzalo Sorondo CB 11 0 (0) 2001-2002
11%
400 Ibrahima Mbaye RB 8 0 (0) 2012-2013, 2014-2015
11%
524 Ibrahim Maaroufi DM 1 0 (0) 2006-2007
11%
550 Lampros Choutos ST 1 0 (0) 2006-2007
11%
521 Lino Marzorati CB 1 0 (0) 2004-2005
11%
415 Marco Ballotta GK 6 0 (0) 2000-2001
11%
383 Marco Benassi CM 10 1 (0) 2012-2013
11%
379 Marco Ferrante ST 11 1 (0) 2000-2001
11%
536 Marko Lazetić ST 1 0 (0) 2022-2023
11%
296 Massimo Donati DM 24 0 (0) 2001-2002
11%
553 Matteo Cocchi LB 1 0 (0) 2024-2025
11%
288 Matteo Ferrari CB 25 0 (0) 2000-2001
11%
552 Mattia Liberali AM 1 0 (0) 2024-2025
11%
457 Mattia Zanotti RB 3 0 (0) 2021-2023
11%
322 Michele Serena LB 19 0 (1) 2000-2002
11%
450 Mohamed Sarr CB 3 1 (0) 2001-2002
11%
490 Nnamdi Oduamadi LW 1 0 (0) 2010-2011
11%
406 Riccardo Saponara AM 8 0 (0) 2013-2015
11%
447 Rodrigo Ely CB 3 0 (0) 2015-2016
11%
539 Tabaré Viúdez RW 1 0 (0) 2008-2009
11%
475 Vitaliy Kutuzov ST 2 0 (0) 2001-2002
11%
484 Alen Stevanovic LW 1 0 (0) 2009-2010
7%
433 Andrea Petagna ST 4 0 (0) 2012-2014
7%
297 Bruno Cirillo CB 24 0 (0) 2000-2001
7%
504 Davide Di Molfetta AM 1 0 (0) 2014-2015
7%
515 Davide Merola RW 1 0 (0) 2018-2019
7%
477 Denis Alibec ST 2 0 (0) 2010-2011
7%
535 Dídac Vilà LB 1 0 (0) 2010-2011
7%
385 Fabio Macellari LB 10 0 (0) 2000-2001
7%
456 Francesco Bolzoni DM 3 0 (0) 2007-2009
7%
467 Gaston Camara RW 2 0 (0) 2014-2015
7%
527 Lorenzo Pirola CB 1 0 (0) 2019-2020
7%
428 Luciano RM 5 0 (0) 2003-2004
7%
554 Luka Topalović CM 1 0 (0) 2024-2025
7%
526 Marco Brescianini CM 1 0 (0) 2019-2020
7%
487 Oguchi Onyewu CB 1 0 (0) 2009-2010
7%
386 Rene Krhin DM 10 0 (0) 2009-2010, 2014-2015
7%
509 Riccardo Meggiorini ST 1 0 (0) 2004-2005
7%
485 Samuele Longo ST 1 0 (0) 2011-2012
7%
496 Simone Ganz ST 1 0 (0) 2011-2012
7%
548 Thomas Berenbruch CM 1 0 (0) 2024-2025
7%
476 Vid Belec GK 2 0 (0) 2012-2013
7%
285 Vladimir Jugović CM 25 1 (2) 2000-2001
7%
507 Alessandro Mastalli CM 1 0 (0) 2014-2015
4%
532 Alex Guerci CM 1 0 (0) 2006-2007
4%
449 Alfred Duncan CM 3 0 (0) 2012-2013
4%
489 Andrea De Vito CB 1 0 (0) 2009-2010
4%
461 Andrea Romanò CM 2 0 (0) 2012-2013
4%
463 Antonio Pacheco CF 2 0 (0) 2000-2001
4%
545 Bob Murphy Omoregbe RW 1 0 (0) 2024-2025
4%
523 Digão CB 1 0 (0) 2007-2008
4%
462 Dino Marino CM 2 0 (0) 2004-2005
4%
551 Ebenezer Akinsanmiro CM 1 0 (0) 2023-2024
4%
511 Fabio Della Giovanna CB 1 0 (0) 2015-2016
4%
408 Federico Bonazzoli ST 7 0 (0) 2013-2015
4%
446 Felice Natalino CB 3 0 (0) 2010-2011
4%
546 Giacomo Beretta ST 1 0 (0) 2010-2011
4%
547 Giacomo De Pieri RW 1 0 (0) 2024-2025
4%
480 Gianmarco Zigoni ST 1 0 (0) 2009-2010
4%
434 Isaac Donkor CB 4 0 (0) 2012-2013, 2014-2015
4%
455 Leandro Grimi LB 3 0 (0) 2006-2007
4%
534 Luca Stanga CB 1 0 (0) 2021-2022
4%
488 Lukas Spendlhofer CB 1 0 (0) 2012-2013
4%
474 Marco Donadel DM 2 0 (0) 2000-2002
4%
513 Niccolò Zanellato CM 1 0 (0) 2017-2018
4%
440 Nicola Beati DM 4 0 (1) 2000-2001, 2002-2003
4%
464 Nicola Napolitano CM 2 0 (0) 2002-2003
4%
420 Nwankwo Obiora DM 5 0 (1) 2010-2011
4%
522 Romano Perticone CB 1 0 (0) 2004-2005
4%
478 Salvatore Ferraro CB 2 0 (0) 2001-2002
4%
501 Andrea Bandini RB 1 0 (0) 2012-2013
0%
505 Andrea Palazzi DM 1 0 (0) 2014-2015
0%
495 Daniele Daino RB 1 0 (0) 2000-2001
0%
469 Daniel Maa Boumsong DM 2 0 (1) 2005-2006
0%
502 Diego De Ascentis DM 1 0 (0) 2000-2001
0%
520 Domenico Germinale ST 1 0 (0) 2005-2006
0%
472 Drazen Brncic CM 2 0 (0) 2000-2001
0%
512 Emanuele Torrasi CM 1 0 (0) 2017-2018
0%
506 Enrico Baldini LW 1 0 (0) 2014-2015
0%
529 Felipe Mattioni RB 1 0 (0) 2008-2009
0%
497 Francesco Forte ST 1 0 (0) 2012-2013
0%
542 Gabriele Puccio CM 1 0 (0) 2007-2008
0%
510 Gian Filippo Felicioli LB 1 0 (0) 2014-2015
0%
518 Goran Slavkovski ST 1 0 (0) 2005-2006
0%
519 Ilario Aloe RW 1 0 (0) 2005-2006
0%
483 Lorenzo Crisetig DM 1 0 (0) 2011-2012
0%
543 Luca Caldirola CB 1 0 (0) 2011-2012
0%
503 Luca Franchini LB 1 0 (0) 2002-2003
0%
422 Luca Garritano AM 5 0 (0) 2012-2013
0%
471 Luca Saudati ST 2 0 (0) 2000-2001
0%
516 Matteo Momentè ST 1 0 (0) 2005-2006
0%
492 Mattia Dal Bello MF 1 0 (0) 2002-2003
0%
494 Michele Piccolo ST 1 0 (1) 2002-2003
0%
499 Mirko Stefani CB 1 0 (0) 2002-2003
0%
508 Paolo Dellafiore CB 1 0 (0) 2004-2005
0%
481 Raffaele Trezzi AM 1 0 (0) 2000-2001
0%
517 Riccardo Forte CF 1 0 (0) 2017-2018
0%
482 Roberto Bortolotto ST 1 0 (0) 2002-2003
0%
531 Sixto Peralta CM 1 0 (0) 2000-2001
0%
493 Stefano Pastrello RM 1 0 (0) 2002-2003
0%
525 Tijani Belaid AM 1 0 (0) 2004-2005
0%
No matching quizzes found
Score Distribution
Percent of People with Each Score
Percentile by Number Answered
Your Score History
You have not taken this quiz